Bhāshā āṇi sãskr̥ti, (Record no. 54669)

MARC details
000 -LEADER
fixed length control field 00681cam a22002411 4500
001 - CONTROL NUMBER
control field sa 63002793
003 - CONTROL NUMBER IDENTIFIER
control field DLC
005 - DATE AND TIME OF LATEST TRANSACTION
control field 20260227111936.0
008 - FIXED-LENGTH DATA ELEMENTS--GENERAL INFORMATION
fixed length control field 890724s1962 ii a 000 0 maro
010 ## - LIBRARY OF CONGRESS CONTROL NUMBER
LC control number sa 63002793
025 ## - OVERSEAS ACQUISITION NUMBER
Overseas acquisition number PL480:I-Mar-212
035 ## - SYSTEM CONTROL NUMBER
System control number (OCoLC)20062066
040 ## - CATALOGING SOURCE
Original cataloging agency DLC
Transcribing agency WaU
Modifying agency NSyU
-- DLC
042 ## - AUTHENTICATION CODE
Authentication code premarc
050 00 - LIBRARY OF CONGRESS CALL NUMBER
Classification number PK2353
Item number .K3
100 1# - MAIN ENTRY--PERSONAL NAME
Personal name Kalelkar, Narayan Govind,
Dates associated with a name 1909-
245 10 - TITLE STATEMENT
Title Bhāshā āṇi sãskr̥ti,
Statement of responsibility, etc. Nārāyaṇa Govinda Kālekara.
250 ## - EDITION STATEMENT
Edition statement [Pahilī āvṛtti]
260 ## - PUBLICATION, DISTRIBUTION, ETC.
Place of publication, distribution, etc. Mumbaī,
Name of publisher, distributor, etc. Mauja Prakāśana Gṛha
Date of publication, distribution, etc. [1962]
300 ## - PHYSICAL DESCRIPTION
Extent 138 p.
Other physical details ill.
Dimensions 22 cm.
500 ## - GENERAL NOTE
General note In Marathi.
650 #0 - SUBJECT ADDED ENTRY--TOPICAL TERM
Topical term or geographic name entry element Marathi philology.

No items available.

Powered by Koha